000
00293nam a22001337a 4500
008
171108b xxu||||| |||| 00| 0 eng d
020
_a
0321527704
041
_a
eng
080
_2
6TH
_a
330.322
100
_a
64
101
_a
INV
245
_a
GLOBAL INVESTMENTS
_c
SOLNIK,.B
942
_2
udc
_c
BK
999
_c
38194
_d
38194